Tragedias: Romeo y Julieta; Hamlet; Otelo; Rey Lear / Estudio preliminar por Antonio Pagés Larraya; Traducciones de Jaime Clark (revisadas por Ricardo Baeza) y de Jacinto Benavente

Guardat en:
Dades bibliogràfiques
Autor principal: Shakespeare
Format: Llibre
Idioma:Undetermined
Publicat: Estados Unidos Editorial Cumbre 1979
Edició:14
Matèries:
Etiquetes: Afegir etiqueta
Sense etiquetes, Sigues el primer a etiquetar aquest registre!

MARC

LEADER 00000nam a2200000Ia 4500
008 170316s9999 xx 000 0 und d
040 |a cru BVZT 
090 |a E-808 S-1t 
100 |a Shakespeare 
245 |a Tragedias: Romeo y Julieta; Hamlet; Otelo; Rey Lear / Estudio preliminar por Antonio Pagés Larraya; Traducciones de Jaime Clark (revisadas por Ricardo Baeza) y de Jacinto Benavente 
250 |a 14 
260 |a Estados Unidos 
260 |b Editorial Cumbre 
260 |c 1979 
300 |a 453 páginas 
650 |a LITERATURA CLÁSICA - COLECCIÓN ESPECIAL 
650 |a ROMEO Y JULIETA 
650 |a HAMLET 
650 |a OTELO 
650 |a EL REY LEAR 
999 |c 13265  |d 13265 
942 |c 15 D  |h E-808 S-1t  |2 z